000 00412nam a2200157 i 4500
001 74858
003 ES-MaACL
005 20230906172252.0
007 t|
008 040921s1922 fr ||||1| fre d
100 1 _aGranet, Marcel.
_959630
245 1 3 _aLa religion des chinois /
_cMarcel Granet.
260 _aParis :
_bGauthier-Villars,
_c1922.
300 _aIV, 202 p. ;
_c19 cm.
852 _aES-MaACL
_jF-4713
999 _c74858
_d74858